<?xml version="1.0" encoding="UTF-8"?>
<collection xmlns="http://www.loc.gov/MARC21/slim">
  <record>
    <leader>00000nam  2200000   4500</leader>
    <controlfield tag="001">INLIS000000000015773</controlfield>
    <controlfield tag="005">20230904104329</controlfield>
    <datafield tag="035" ind1="#" ind2="#">
      <subfield code="a">0010-0923000014</subfield>
    </datafield>
    <controlfield tag="007">ta</controlfield>
    <controlfield tag="008">230904################|##########|#|##</controlfield>
    <datafield tag="084" ind1="#" ind2="#">
      <subfield code="a">R 168 PIM II 2022</subfield>
    </datafield>
    <datafield tag="100" ind1=" " ind2="#">
      <subfield code="a">Rudi Arifiyanto</subfield>
    </datafield>
    <datafield tag="245" ind1="1" ind2="#">
      <subfield code="a">Pengembangan Model Baru Forum Komunikasi Riset dan Inovasi (FKRI) Untuk Mendukung Peningkatan Kualitas Kebijakan Pembangunan Berbasis Riset /</subfield>
      <subfield code="c">Rudi Arifiyanto</subfield>
    </datafield>
    <datafield tag="250" ind1="#" ind2="#">
      <subfield code="a">1</subfield>
    </datafield>
    <datafield tag="260" ind1="#" ind2="#">
      <subfield code="a">Jakarta :</subfield>
      <subfield code="b">Pusbangkom Pimnas dan Manajerial ASN,</subfield>
      <subfield code="c">2022</subfield>
    </datafield>
    <datafield tag="300" ind1="#" ind2="#">
      <subfield code="a">67 halaman :</subfield>
      <subfield code="b">ilus ;</subfield>
      <subfield code="c">30 cm</subfield>
    </datafield>
    <datafield tag="650" ind1="#" ind2="4">
      <subfield code="a">Komunikasi</subfield>
    </datafield>
    <datafield tag="520" ind1="#" ind2="#">
      <subfield code="a">Sebagai salah satu upaya mendukung pelaksanaan tugas pokok dan fungsi BRIN menyiapkan wadah komunikasi antara Kementerian/Lembaga dengan BRIN. Dalam membangun kegiatan model baru FKRI ini, DKP dibantu oleh Deputi Bidang Kebijakan Riset (DKRI) dan Inovasi dan Deputi Bidang Riset dan Inovasi Daerah (DRIDA) untuk membangun konsepnya dengan ide dasar mendorong untuk kolaborasi dengan 4 Kemenko, Bappenas, dan Kemenkeu/DJA.</subfield>
    </datafield>
    <datafield tag="856" ind1="#" ind2="#">
      <subfield code="a">Perpustakaan LAN Pusat</subfield>
    </datafield>
    <datafield tag="990" ind1="#" ind2="#">
      <subfield code="a">168</subfield>
    </datafield>
  </record>
</collection>
